00667nam a22001697a 450000500170000000800410001704100120005808200130007010000120008324500400009526000880013530000320022365000260025594200240028199900150030595201770032020240823124400.0240823b |||||||| |||| 00| 0 eng d aEnglish a349 LAW  lEnglish aThe Laws of South West Africa 1952  aWindhoek: bOrder of the Honourable the Administrator of South West Africa, c1952  blxxix, 977 pages; c25 cm.  aLegal practice bLaw  cBK6ALISON_BN_VRIES c2844d2844 00102ddc406349_000000000000000_LAW708 Proclamation and Ordinance 95518aLSNbLSNcLASWAd2024-08-23l0o349 LAW pLSN/2023/4015r2025-04-07 00:00:00w2024-08-23yBK